|
|
|
|
| LEADER |
00000nab a2200000 a 4500 |
| 001 |
vtls008415283 |
| 003 |
SK-MaSNL |
| 005 |
20260304225929.0 |
| 008 |
250505c2005 xo 0 slo |
| 015 |
|
|
|a SNBCL2005/5
|
| 035 |
|
|
|a SLK033424
|
| 035 |
|
|
|a urn:nbn:sk:snk-abaenv
|
| 035 |
|
|
|a (urnnbn)urn:nbn:sk:snk:ar-007xd0
|
| 035 |
|
|
|a (uuid)c592e03d-1585-4a89-bcad-41375bc2a0d7
|
| 040 |
|
|
|a SNKBUCL
|b slo
|c SNKBUCL
|e AACR2
|
| 041 |
0 |
|
|a slo
|b eng
|b slo
|
| 044 |
|
|
|a xo
|c SK
|
| 080 |
|
|
|a 547.455.65
|2 1981
|
| 100 |
1 |
|
|a Augustín, Jozef,
|d 1935-
|4 aut
|9 37248
|
| 245 |
1 |
0 |
|a Optimalizácia izolácie inulínu z čakanky obyčajnej (Cichorium intybus L.) a jeho niektoré aplikácie v spoločenskej praxi
|c J. Augustín
|
| 246 |
1 |
0 |
|a Optimalization of isolation of inulin from Cichorium intybus L. and some of its uses in social practice
|
| 300 |
|
|
|b Obr.
|
| 504 |
|
|
|a Res. angl., slov.
|
| 504 |
|
|
|a Bibliogr. odkazy
|
| 650 |
0 |
7 |
|a čakanka
|2 MESH
|9 27308
|
| 650 |
0 |
7 |
|a inulín
|2 MESH
|9 17849
|
| 650 |
0 |
7 |
|a molekulová štruktúra
|2 MESH
|9 151536
|
| 650 |
0 |
7 |
|a metódy
|2 MESH
|9 3855
|
| 650 |
0 |
7 |
|a potravinárska technológia
|2 MESH
|9 1725
|
| 773 |
0 |
|
|t Česká a slovenská farmacie
|g Roč. 54, č. 3 (2005), s. 145-150
|x 1210-7816
|
| 850 |
|
|
|a Slovenská národná knižnica
|
| 852 |
|
|
|a Slovenská národná knižnica
|
| 954 |
|
|
|a odborná, vedecká literatúra pôvodná (slovenská)
|2 lita
|
| 958 |
|
|
|a article14
|
| 958 |
|
|
|a OND
|
| 958 |
|
|
|a EUIPO
|
| 999 |
|
|
|c 3180421
|d 3182351
|